000 00409nam a2200157Ia 4500
008 200103s9999||||xx |||||||||||||| ||und||
020 _a0421296203,
040 _aIMU-MPC
082 _aColumn-19
100 _aRideout, Roger W. and Dyson, Jacqueline
245 0 _aRideout's Principles of Labour Law
250 _a4th Ed.
260 _bSweet & Maxwell, London
_c1983
300 _alxxxvi, 658
942 _cBK
999 _c6405
_d6405